000 00388 a2200169 4500
001 161384
020 _a85-08-03267-6
040 _cMagnum
100 _aIacocca, Liliana
240 1 0 _aA constituição para crianças
_lpor
245 1 0 _aA constituição para crianças
300 _a32
362 0 _a2001
440 1 _aÁtica
697 _aLITERATURA INFANTO-JUVENIL
942 _cBK
999 _c161384
_d161384